Začiatok novej spolupráce nielen v menšinovej politike Stretnutie poslancov slovenského a maďarského parlamentu

Bibliographic Details
Format: Article
Language:Slovak
Subjects:

MARC

LEADER 00000nab a2200000 a 4500
001 vtls000585042
003 SK-MaSNL
005 20260426105725.0
008 180331c1996 xo 0 slo
015 |a SNBRB19rr/mm-uuuuu 
035 |a CL0585181 
040 |a SNKBUCL  |b slo  |c SNKBUCL  |e AACR2 
041 0 |a slo 
044 |a xo  |c SK 
080 |a 327(437.6:439)  |2 1981 
080 |a 327(439:437.6)  |2 1981 
080 |a 328.1(437.6:439)  |2 1981 
080 |a 328.1(439:437.6)  |2 1981 
245 0 0 |a Začiatok novej spolupráce nielen v menšinovej politike  |b Stretnutie poslancov slovenského a maďarského parlamentu 
610 1 7 |a Maďarsko.  |b Parlament  |2 SNKKA  |9 256751 
650 0 7 |a zahraničná politika  |2 snkbucl  |9 971 
651 7 |a Slovensko  |2 snkbucl  |9 14231 
651 7 |a Maďarsko  |2 snkbucl  |9 16754 
655 7 |a články z novín a časopisov  |2 snkbucl  |9 267496 
773 0 |t Slovenská republika  |g Roč. 4, č. 125 (30. 5. 1996), s. 12 
850 |a Slovenská národná knižnica v Martine  |a MTA001 
852 |a SNK  |b KIS3GCP 
958 |a RK 
958 |a HU 
958 |a SK 
992 |a RBX 
999 |c 3359208  |d 3361138